Champions League teams 25/26 - Statistics

General Stats
  • This quiz has been taken 200 times
    115 since last reset
  • The average score is 29 of 36
Answer Stats
Country Team % Correct
Spain Real Madrid
97%
England Arsenal
94%
Germany Bayern Munich
94%
Spain FC Barcelona
94%
France Paris Saint-Germain
94%
Germany Borussia Dortmund
93%
Netherlands AFC Ajax
92%
Italy Inter Milan
92%
England Liverpool
92%
England Manchester City
91%
Spain Atlético Madrid
90%
Portugal SL Benfica
88%
Portugal Sporting CP
88%
England Chelsea
86%
Italy SSC Napoli
86%
Turkey Galatasaray
84%
Italy Juventus
84%
Netherlands PSV Eindhoven
83%
France Olympique Marseille
82%
England Tottenham Hotspur
80%
Germany Bayer 04 Leverkusen
79%
Spain Athletic Bilbao
77%
Belgium Club Brugge
74%
France AS Monaco
73%
Italy Atalanta
71%
England Newcastle United
71%
Spain Villarreal
71%
Greece Olympiacos
70%
Denmark FC København
69%
Norway Bodø/Glimt
68%
Germany Eintracht Frankfurt
62%
Cyprus Pafos
60%
Kazakhstan Kairat Almaty
59%
Azerbaijan Qarabağ
58%
Czech Republic Slavia Praha
54%
Belgium Union Saint-Gilloise
47%
No matching quizzes found
Score Distribution
Percent of People with Each Score
Percentile by Number Answered
Your Score History
You have not taken this quiz since the last reset